[Event "AUT_chT"]
[Site "2005/2006"]
[Date "2006.01.13"]
[Round "5"]
[White "Horvath, Jozsef"]
[Black "Fogarasi, Tibor"]
[Result "1/2-1/2"]
[WhiteElo "2525"]
[BlackElo "2481"]
[PlyCount "37"]
[EventDate "2005.10.??"]
[EventType "team"]
[EventRounds "11"]
[EventCountry "AUT"]
[WhiteTeam "Die Klagenfurter"]
[BlackTeam "Admiral Fuerstenfeld"]
[WhiteTeamCountry "AUT"]
[BlackTeamCountry "AUT"]

1. Nf3 Nf6 2. c4 g6 3. Nc3 d5 4. Qa4+ Bd7 5. Qb3 dxc4 6. Qxc4 a6 7. e4 b5 8.
Qe2 Bc8 9. d4 Bg7 10. g3 b4 11. e5 bxc3 12. exf6 Bxf6 13. bxc3 c5 14. Bg2 Bb7
15. Rb1 Bc6 16. O-O cxd4 17. Rd1 O-O 18. Bh6 Re8 19. cxd4 1/2-1/2

[Event "AUT_chT"]
[Site "2005/2006"]
[Date "2006.01.13"]
[Round "5"]
[White "Baumegger, Siegfried"]
[Black "Moser, Guenter"]
[Result "1/2-1/2"]
[WhiteElo "2413"]
[BlackElo "2359"]
[PlyCount "81"]
[EventDate "2005.10.??"]
[EventType "team"]
[EventRounds "11"]
[EventCountry "AUT"]
[WhiteTeam "Admiral Fuerstenfeld"]
[BlackTeam "Die Klagenfurter"]
[WhiteTeamCountry "AUT"]
[BlackTeamCountry "AUT"]

1. e4 d5 2. exd5 Qxd5 3. Nc3 Qa5 4. Bc4 Nf6 5. d3 c6 6. Bd2 Qc7 7. Qe2 Nbd7 8.
Nf3 Nb6 9. Bb3 Bd7 10. Ne5 e6 11. O-O Bd6 12. f4 O-O 13. Rae1 a5 14. a3 Nbd5
15. Kh1 b5 16. Ne4 Be7 17. Rf3 b4 18. axb4 axb4 19. Nxf6+ Bxf6 20. Bxd5 exd5
21. Bxb4 Rfe8 22. Rff1 c5 23. Ba3 Bxe5 24. fxe5 d4 25. Qh5 Be6 26. Qf3 Ra6 27.
Qg3 Qc8 28. Qf3 Qc7 29. h3 Rd8 30. Qf4 Rd5 31. Kh2 Ra8 32. Qg3 Ra6 33. Qf4 Bc8
34. Re2 h6 35. Rfe1 Bb7 36. Rf2 Re6 37. b3 f6 38. Bc1 Rdxe5 39. Rxe5 Qxe5 40.
Qxe5 Rxe5 41. Bf4 1/2-1/2

[Event "AUT_chT"]
[Site "2005/2006"]
[Date "2006.01.13"]
[Round "5"]
[White "Genser, Harald"]
[Black "Kuba, Guenter"]
[Result "1/2-1/2"]
[WhiteElo "2336"]
[BlackElo "2406"]
[PlyCount "38"]
[EventDate "2005.10.??"]
[EventType "team"]
[EventRounds "11"]
[EventCountry "AUT"]
[WhiteTeam "Die Klagenfurter"]
[BlackTeam "Admiral Fuerstenfeld"]
[WhiteTeamCountry "AUT"]
[BlackTeamCountry "AUT"]

1. d4 d5 2. Nf3 Nc6 3. c4 e5 4. Nxe5 Nxe5 5. dxe5 dxc4 6. Qxd8+ Kxd8 7. Nc3 c6
8. Bg5+ Kc7 9. e3 Be6 10. Be2 Ne7 11. O-O h6 12. Bxe7 Bxe7 13. f4 f5 14. Kf2
Rad8 15. Rfd1 Bc5 16. Na4 Bb4 17. a3 Be7 18. Nc3 Bc5 19. Na4 Be7 1/2-1/2

[Event "AUT_chT"]
[Site "2005/2006"]
[Date "2006.01.14"]
[Round "6"]
[White "Shengelia, Davit"]
[Black "Fogarasi, Tibor"]
[Result "1/2-1/2"]
[WhiteElo "2562"]
[BlackElo "2481"]
[PlyCount "82"]
[EventDate "2005.10.??"]
[EventType "team"]
[EventRounds "11"]
[EventCountry "AUT"]
[WhiteTeam "Styria Graz - Kl.Zeitung"]
[BlackTeam "Admiral Fuerstenfeld"]
[WhiteTeamCountry "AUT"]
[BlackTeamCountry "AUT"]

1. Nf3 Nf6 2. c4 g6 3. g3 Bg7 4. Bg2 d5 5. cxd5 Nxd5 6. O-O Nc6 7. Nc3 Nb6 8.
d3 O-O 9. Be3 h6 10. Rb1 e5 11. b4 Nd4 12. a4 Be6 13. Bd2 c6 14. a5 Nd5 15. Na4
a6 16. Nc5 Bc8 17. e3 Nb5 18. Qc1 Kh7 19. e4 Ndc7 20. Be3 Ne6 21. Nxe6 Bxe6 22.
Rd1 Qd7 23. Bc5 Rfe8 24. Rb2 Rad8 25. Bb6 Rb8 26. Qe3 Bg4 27. Rc1 Re7 28. Bf1
Bxf3 29. Qxf3 Nd4 30. Qe3 Nb5 31. Rd1 Qg4 32. Be2 Qe6 33. Qc1 Rd7 34. Qc4 Qh3
35. Bf1 Qg4 36. Be2 Qh3 37. Bf1 Qg4 38. Be2 Qh3 39. Bf1 Qg4 40. Be2 Qh3 41. Bf1
Qg4 1/2-1/2

[Event "AUT_chT"]
[Site "2005/2006"]
[Date "2006.01.14"]
[Round "6"]
[White "Brestian, Egon"]
[Black "Kuba, Guenter"]
[Result "1/2-1/2"]
[WhiteElo "2399"]
[BlackElo "2406"]
[PlyCount "48"]
[EventDate "2005.10.??"]
[EventType "team"]
[EventRounds "11"]
[EventCountry "AUT"]
[WhiteTeam "Styria Graz - Kl.Zeitung"]
[BlackTeam "Admiral Fuerstenfeld"]
[WhiteTeamCountry "AUT"]
[BlackTeamCountry "AUT"]

1. c4 e5 2. g3 Nf6 3. Bg2 h6 4. Nc3 Bb4 5. e4 Bxc3 6. bxc3 O-O 7. Ne2 c6 8. O-O
d5 9. cxd5 cxd5 10. d4 dxe4 11. dxe5 Ng4 12. Ba3 Qxd1 13. Raxd1 Re8 14. Bxe4
Nxe5 15. Bd5 Nbc6 16. Nf4 Bf5 17. Bd6 Rad8 18. Bxe5 Rxe5 19. c4 Rde8 20. Ng2
Nb4 21. Bxb7 Bd3 22. Rfe1 Rxe1+ 23. Rxe1 Rxe1+ 24. Nxe1 Bxc4 1/2-1/2

[Event "AUT_chT"]
[Site "2005/2006"]
[Date "2006.01.14"]
[Round "6"]
[White "Wach, Markus"]
[Black "Balinov, Ilija"]
[Result "0-1"]
[WhiteElo "2376"]
[BlackElo "2455"]
[PlyCount "114"]
[EventDate "2005.10.??"]
[EventType "team"]
[EventRounds "11"]
[EventCountry "AUT"]
[WhiteTeam "Admiral Fuerstenfeld"]
[BlackTeam "Styria Graz - Kl.Zeitung"]
[WhiteTeamCountry "AUT"]
[BlackTeamCountry "AUT"]

1. e4 c5 2. c3 d5 3. exd5 Qxd5 4. d4 Nf6 5. Nf3 Bg4 6. Be2 e6 7. Na3 Nc6 8. h3
Bh5 9. Be3 cxd4 10. Nb5 Rc8 11. Nbxd4 Nxd4 12. Bxd4 a6 13. Bxf6 Qxd1+ 14. Rxd1
gxf6 15. Nd4 Bg6 16. Bf3 Rc7 17. Nb3 Be7 18. Na5 O-O 19. Rd2 Rb8 20. O-O Bf8
21. Rfd1 b6 22. Nc6 Rbc8 23. Nb4 a5 24. Nc2 b5 25. Ne3 Be7 26. Rd7 Kf8 27. Rxc7
Rxc7 28. Be2 Rb7 29. Bd3 f5 30. Kf1 Bf6 31. g4 f4 32. Bxg6 hxg6 33. Nc2 b4 34.
cxb4 axb4 35. Rd3 Bxb2 36. Rb3 Be5 37. Nxb4 Bd6 38. Nc6 Rc7 39. Rb8+ Kg7 40.
Rb6 Bc5 41. Ra6 Rd7 42. Ra5 f3 43. Ke1 Rd5 44. Ra4 e5 45. Rc4 f5 46. gxf5 gxf5
47. a4 e4 48. Nb4 Bxb4+ 49. Rxb4 Rd3 50. a5 Ra3 51. Rb7+ Kf6 52. Rb6+ Kg5 53.
a6 Ra2 54. Rc6 f4 55. Rc5+ Kf6 56. Rc6+ Ke5 57. h4 e3 0-1

[Event "AUT_chT"]
[Site "2005/2006"]
[Date "2006.01.14"]
[Round "6"]
[White "Gustafsson, Jan"]
[Black "Horvath, Csaba"]
[Result "1/2-1/2"]
[WhiteElo "2614"]
[BlackElo "2545"]
[PlyCount "41"]
[EventDate "2005.10.??"]
[EventType "team"]
[EventRounds "11"]
[EventCountry "AUT"]
[WhiteTeam "Hohenems"]
[BlackTeam "Die Klagenfurter"]
[WhiteTeamCountry "AUT"]
[BlackTeamCountry "AUT"]

1. Nf3 Nf6 2. c4 e6 3. d4 d5 4. e3 a6 5. Nbd2 c5 6. cxd5 exd5 7. b3 b6 8. Bd3
Bb7 9. Bb2 Bd6 10. O-O Nbd7 11. Re1 O-O 12. dxc5 Nxc5 13. Bf1 Re8 14. Rc1 Rc8
15. Nd4 Qd7 16. Rc2 Ng4 17. g3 Ne5 18. N2f3 f6 19. Be2 Ne4 20. Rxc8 Bxc8 21.
Nc2 1/2-1/2

[Event "AUT_chT"]
[Site "2005/2006"]
[Date "2006.01.14"]
[Round "6"]
[White "Moser, Guenter"]
[Black "Naumann, Alexander"]
[Result "1/2-1/2"]
[WhiteElo "2359"]
[BlackElo "2532"]
[PlyCount "168"]
[EventDate "2005.10.??"]
[EventType "team"]
[EventRounds "11"]
[EventCountry "AUT"]
[WhiteTeam "Die Klagenfurter"]
[BlackTeam "Hohenems"]
[WhiteTeamCountry "AUT"]
[BlackTeamCountry "AUT"]

1. d4 Nf6 2. c4 e6 3. Nf3 d5 4. Nc3 Bb4 5. e3 O-O 6. Qc2 c5 7. dxc5 Nc6 8. a3
Bxc5 9. b4 Bd6 10. Bb2 dxc4 11. Bxc4 Ne5 12. Nxe5 Bxe5 13. Nb5 Bxb2 14. Qxb2
Bd7 15. O-O Qb6 16. a4 Rfc8 17. Rfc1 a5 18. h3 Ne8 19. Be2 Bc6 20. Qa3 Rd8 21.
Qc3 Nf6 22. Qc5 Nd5 23. Qxb6 Nxb6 24. Nc7 Ra7 25. Nb5 Bxb5 26. Bxb5 axb4 27.
Rcb1 Nd5 28. Bc4 Nc3 29. Rxb4 g6 30. Ra3 Rd1+ 31. Kh2 Rc1 32. Bd3 Nd5 33. Rbb3
Nf6 34. a5 Rc5 35. a6 bxa6 36. Rxa6 Rxa6 37. Bxa6 Rc2 38. f3 Nd5 39. Bd3 Rd2
40. Bc4 Nf6 41. Ra3 Rc2 42. Bd3 Rc1 43. Kg3 Kg7 44. Kf2 Nd5 45. Ra2 g5 46. Rd2
h5 47. Ke2 h4 48. Rc2 Ra1 49. Bc4 Nf6 50. Ra2 Rc1 51. Bb3 Nh5 52. Ra5 Kg6 53.
Bd1 Ng3+ 54. Kd2 Rc6 55. Bc2+ Kf6 56. Bd3 Rb6 57. Kc2 Rd6 58. Kc3 Rd8 59. Kc2
Rd5 60. Ra7 Rc5+ 61. Kd2 Kg7 62. Ra6 Nh5 63. Rb6 Ra5 64. Ra6 Re5 65. Rb6 Kf6
66. Rb5 Rd5 67. Rb6 Ke5 68. Rb5 f5 69. Kc3 Nf6 70. Kd2 Rxb5 71. Bxb5 Nd5 72.
Bf1 f4 73. e4 Ne3 74. Ke2 Kd4 75. Kf2 Kc3 76. Ba6 Kd2 77. Bc8 e5 78. Be6 Nd1+
79. Kf1 Ke3 80. Bd7 Nf2 81. Bf5 Nd3 82. Bd7 Nc5 83. Bc8 Nb3 84. Bg4 Nd2+
1/2-1/2

[Event "AUT_chT"]
[Site "2005/2006"]
[Date "2006.01.14"]
[Round "6"]
[White "Polzin, Rainer"]
[Black "Boensch, Uwe"]
[Result "1/2-1/2"]
[WhiteElo "2494"]
[BlackElo "2538"]
[PlyCount "76"]
[EventDate "2005.10.??"]
[EventType "team"]
[EventRounds "11"]
[EventCountry "AUT"]
[WhiteTeam "Wulkaprodersdorf"]
[BlackTeam "Sparkasse Jenbach"]
[WhiteTeamCountry "AUT"]
[BlackTeamCountry "AUT"]

1. e4 c5 2. Nf3 Nc6 3. d4 cxd4 4. Nxd4 e5 5. Nb5 d6 6. N1c3 a6 7. Na3 Be7 8.
Nd5 Nf6 9. Nxf6+ Bxf6 10. Nc4 Be7 11. Be3 Be6 12. Nb6 Rb8 13. c3 Bg5 14. Bxg5
Qxg5 15. Qd2 Qxd2+ 16. Kxd2 Rd8 17. Bc4 Bxc4 18. Nxc4 d5 19. exd5 Rxd5+ 20. Ke2
Ke7 21. Rhd1 Rhd8 22. Rxd5 Rxd5 23. a4 Ke6 24. b4 f5 25. f3 h5 26. Nb6 Rd6 27.
Nc4 Rd5 28. Ne3 Rd7 29. b5 Na5 30. Rb1 g6 31. Rb4 f4 32. Nf1 axb5 33. Rxb5 Nc4
34. Rb4 Kd5 35. Rb5+ Kc6 36. Rb4 Kc5 37. Rb5+ Kc6 38. Rb4 Kc5 1/2-1/2

[Event "AUT_chT"]
[Site "2005/2006"]
[Date "2006.01.14"]
[Round "6"]
[White "Schlosser, Philipp"]
[Black "Sprenger, Jan Michael"]
[Result "1/2-1/2"]
[WhiteElo "2560"]
[BlackElo "2505"]
[PlyCount "51"]
[EventDate "2005.10.??"]
[EventType "team"]
[EventRounds "11"]
[EventCountry "AUT"]
[WhiteTeam "Sparkasse Jenbach"]
[BlackTeam "Wulkaprodersdorf"]
[WhiteTeamCountry "AUT"]
[BlackTeamCountry "AUT"]

1. d4 Nf6 2. c4 e6 3. Nc3 Bb4 4. Qc2 c5 5. dxc5 O-O 6. a3 Bxc5 7. Nf3 b6 8. Bf4
Bb7 9. Rd1 Nh5 10. Bg5 Be7 11. Bxe7 Qxe7 12. e3 Na6 13. Be2 Nf6 14. e4 d6 15.
b4 Nc7 16. O-O Rfd8 17. e5 dxe5 18. Nxe5 Rxd1 19. Rxd1 Rd8 20. Qc1 Nfe8 21.
Rxd8 Qxd8 22. Bf3 Bxf3 23. Nxf3 f6 24. Qd2 Qxd2 25. Nxd2 e5 26. Kf1 1/2-1/2

[Event "AUT_chT"]
[Site "2005/2006"]
[Date "2006.01.14"]
[Round "6"]
[White "Likavsky, Tomas"]
[Black "Kritz, Leonid"]
[Result "1/2-1/2"]
[WhiteElo "2493"]
[BlackElo "2561"]
[PlyCount "84"]
[EventDate "2005.10.??"]
[EventType "team"]
[EventRounds "11"]
[EventCountry "AUT"]
[WhiteTeam "Wulkaprodersdorf"]
[BlackTeam "Sparkasse Jenbach"]
[WhiteTeamCountry "AUT"]
[BlackTeamCountry "AUT"]

1. d4 Nf6 2. c4 e6 3. Nc3 Bb4 4. Qc2 O-O 5. a3 Bxc3+ 6. Qxc3 b6 7. Bg5 Bb7 8.
f3 d5 9. e3 h6 10. Bh4 Nbd7 11. cxd5 Nxd5 12. Bxd8 Nxc3 13. Bh4 Nd5 14. Bf2 f5
15. Bb5 c6 16. Bd3 Rae8 17. Ne2 e5 18. O-O e4 19. fxe4 fxe4 20. Bc4 N7f6 21.
Nc3 Kh7 22. Nxd5 Nxd5 23. Rac1 Rf5 24. Rfe1 Ref8 25. Bg3 Bc8 26. Bxd5 cxd5 27.
Bd6 Rd8 28. Be5 Rf7 29. Rf1 Rxf1+ 30. Rxf1 Be6 31. Rc1 Rc8 32. Rxc8 Bxc8 33.
Kf2 b5 34. Ke1 Bd7 35. Bb8 a6 36. Bd6 a5 37. Kd2 b4 38. axb4 a4 39. h4 h5 40.
Ke2 Kg6 41. Be5 Kf5 42. Bxg7 Bb5+ 1/2-1/2

[Event "AUT_chT"]
[Site "2005/2006"]
[Date "2006.01.14"]
[Round "6"]
[White "Lehner, Oliver"]
[Black "Volkmann, Friedrich Karl"]
[Result "1-0"]
[WhiteElo "2408"]
[BlackElo "2421"]
[PlyCount "41"]
[EventDate "2005.10.??"]
[EventType "team"]
[EventRounds "11"]
[EventCountry "AUT"]
[WhiteTeam "Sparkasse Jenbach"]
[BlackTeam "Wulkaprodersdorf"]
[WhiteTeamCountry "AUT"]
[BlackTeamCountry "AUT"]

1. e4 e5 2. Nf3 Nf6 3. Nxe5 Nxe4 4. Qe2 Qe7 5. Qxe4 d6 6. d4 dxe5 7. dxe5 Nc6
8. Nc3 Qxe5 9. Qxe5+ Nxe5 10. Bf4 f6 11. O-O-O Bd7 12. Nb5 Bxb5 13. Bxb5+ c6
14. Ba4 Rd8 15. Be3 a6 16. Bb3 Rd6 17. Rhe1 Kd8 18. Bb6+ Kc8 19. f4 Ng6 20.
Re8+ Kd7 21. Rd8+ 1-0

[Event "AUT_chT"]
[Site "2005/2006"]
[Date "2006.01.14"]
[Round "6"]
[White "Hoellrigl, Wilfried"]
[Black "Schweda, Roland"]
[Result "0-1"]
[WhiteElo "2269"]
[BlackElo "2416"]
[PlyCount "118"]
[EventDate "2005.10.??"]
[EventType "team"]
[EventRounds "11"]
[EventCountry "AUT"]
[WhiteTeam "Sparkasse Jenbach"]
[BlackTeam "Wulkaprodersdorf"]
[WhiteTeamCountry "AUT"]
[BlackTeamCountry "AUT"]

1. e4 c5 2. d4 cxd4 3. c3 d3 4. Bxd3 Nc6 5. Nf3 d6 6. O-O Nf6 7. c4 Bg4 8. Nc3
g6 9. Be3 Bg7 10. h3 Bxf3 11. Qxf3 O-O 12. Rac1 Qa5 13. Qe2 Nd7 14. Qd2 Nc5 15.
Bb1 Ne6 16. Bh6 a6 17. Bxg7 Kxg7 18. f4 Qc5+ 19. Kh1 Qxc4 20. f5 Qd4 21. Qe1
Nc7 22. Rd1 Qc5 23. Nd5 Nxd5 24. Rxd5 Qb6 25. f6+ exf6 26. Rxd6 Qxb2 27. Rdxf6
Rad8 28. Qg3 Qxf6 29. Rxf6 Kxf6 30. Qc3+ Ne5 31. Bc2 Rfe8 32. Qe3 Kg7 33. Qb6
Rd7 34. Ba4 Re6 35. Qc5 Nc6 36. Bxc6 Rxc6 37. Qe5+ f6 38. Qe8 Rcc7 39. e5 Re7
40. exf6+ Kxf6 41. Qf8+ Ke5 42. Kh2 Red7 43. Qf3 Kd6 44. Qf4+ Kc6 45. Qe4+ Kb6
46. Qe3+ Rc5 47. Qe6+ Kc7 48. a4 Rcd5 49. Qf6 b6 50. Qf4+ Kb7 51. Qe4 Ka7 52.
Qe3 a5 53. Qc3 Rd4 54. Qc6 Rb7 55. Kg3 g5 56. Kh2 h5 57. Kg1 g4 58. Kh2 h4 59.
hxg4 Rxg4 0-1

[Event "AUT_chT"]
[Site "2005/2006"]
[Date "2006.01.14"]
[Round "6"]
[White "Voloshin, Leonid"]
[Black "Baklan, Vladimir"]
[Result "1/2-1/2"]
[WhiteElo "2466"]
[BlackElo "2601"]
[PlyCount "39"]
[EventDate "2005.10.??"]
[EventType "team"]
[EventRounds "11"]
[EventCountry "AUT"]
[WhiteTeam "Sparkasse Goetzis"]
[BlackTeam "Holz Dohr - Semriach"]
[WhiteTeamCountry "AUT"]
[BlackTeamCountry "AUT"]

1. Nf3 Nf6 2. c4 e6 3. g3 a6 4. d4 b5 5. Qc2 Bb7 6. Bg2 Be4 7. Qc3 bxc4 8. Qxc4
d5 9. Qa4+ Qd7 10. Nc3 c5 11. dxc5 Bxc5 12. Qxd7+ Nbxd7 13. Nxe4 Nxe4 14. O-O
Ke7 15. Nd2 f5 16. Nxe4 fxe4 17. Bg5+ Nf6 18. Rac1 Rhc8 19. Rc3 Bd4 20. Rcc1
1/2-1/2

[Event "AUT_chT"]
[Site "2005/2006"]
[Date "2006.01.14"]
[Round "6"]
[White "Kindermann, Stefan"]
[Black "Dobosz, Henryk"]
[Result "1/2-1/2"]
[WhiteElo "2535"]
[BlackElo "2433"]
[PlyCount "36"]
[EventDate "2005.10.??"]
[EventType "team"]
[EventRounds "11"]
[EventCountry "AUT"]
[WhiteTeam "Holz Dohr - Semriach"]
[BlackTeam "Sparkasse Goetzis"]
[WhiteTeamCountry "AUT"]
[BlackTeamCountry "AUT"]

1. e4 c5 2. Nf3 g6 3. d4 Bg7 4. d5 d6 5. Be2 Nf6 6. Nc3 O-O 7. O-O e6 8. Nd2
exd5 9. exd5 Nbd7 10. Nc4 Nb6 11. Ne3 Bd7 12. a4 a6 13. a5 Nc8 14. Nc4 Bb5 15.
Bf4 Re8 16. Qd3 Bxc4 17. Qxc4 b5 18. Qd3 Ra7 1/2-1/2

[Event "AUT_chT"]
[Site "2005/2006"]
[Date "2006.01.14"]
[Round "6"]
[White "Eisenbeiser, Amadeus"]
[Black "Kosten, Anthony C"]
[Result "0-1"]
[WhiteElo "2373"]
[BlackElo "2501"]
[PlyCount "72"]
[EventDate "2005.10.??"]
[EventType "team"]
[EventRounds "11"]
[EventCountry "AUT"]
[WhiteTeam "Sparkasse Goetzis"]
[BlackTeam "Holz Dohr - Semriach"]
[WhiteTeamCountry "AUT"]
[BlackTeamCountry "AUT"]

1. e4 e5 2. Nf3 Nc6 3. Bb5 Nf6 4. d3 Bc5 5. O-O d6 6. c3 O-O 7. h3 Bb6 8. Nbd2
Ne7 9. Nc4 Ng6 10. Ba4 Be6 11. Nxb6 axb6 12. Ng5 Bd7 13. Bc2 h6 14. Nf3 Qe7 15.
d4 Nh7 16. Re1 f6 17. dxe5 fxe5 18. Be3 Kh8 19. a3 Nf4 20. Kh2 Qf6 21. Ng1 Ng5
22. h4 Nxe4 23. g3 Nc5 24. b4 Nce6 25. Qg4 h5 26. Qd1 g6 27. f3 Bc6 28. c4 b5
29. cxb5 Bxb5 30. Bf2 g5 31. gxf4 Nxf4 32. a4 gxh4 33. Qd2 Rg8 34. axb5 Rg2+
35. Kh1 Rag8 36. Bd3 Qg5 0-1

[Event "AUT_chT"]
[Site "2005/2006"]
[Date "2006.01.14"]
[Round "6"]
[White "Freitag, Manfred"]
[Black "Schmidlechner, Alexander"]
[Result "0-1"]
[WhiteElo "2419"]
[BlackElo "2245"]
[PlyCount "126"]
[EventDate "2005.10.??"]
[EventType "team"]
[EventRounds "11"]
[EventCountry "AUT"]
[WhiteTeam "Holz Dohr - Semriach"]
[BlackTeam "Sparkasse Goetzis"]
[WhiteTeamCountry "AUT"]
[BlackTeamCountry "AUT"]

1. e4 c5 2. Nf3 a6 3. c4 Nc6 4. d4 cxd4 5. Nxd4 Nf6 6. Nc3 e5 7. Nc2 Be7 8. Bd3
d6 9. O-O O-O 10. Be3 Be6 11. Nd5 Ne8 12. Qd2 g6 13. g3 f5 14. f3 Rc8 15. Kh1
Nf6 16. b3 fxe4 17. Nxf6+ Rxf6 18. Bxe4 Rf7 19. Bd5 Qd7 20. Bb6 Bd8 21. Be3
Bxd5 22. Qxd5 Ne7 23. Qd3 d5 24. Nb4 d4 25. Bg5 Nf5 26. Bxd8 Rxd8 27. Rf2 Ne3
28. Qe4 Qf5 29. Qxf5 gxf5 30. Nd3 e4 31. Nf4 d3 32. Rd2 Nc2 33. Rad1 Nd4 34.
fxe4 fxe4 35. Kg2 Nf3 36. Rf2 Ne5 37. Nd5 Rxf2+ 38. Kxf2 Ng4+ 39. Ke1 Nxh2 40.
Kd2 Ng4 41. Re1 Re8 42. Nc3 Nf6 43. Rf1 Kg7 44. Rf4 h5 45. c5 Kg6 46. b4 Re5
47. a4 Rf5 48. Ke3 Rxf4 49. Kxf4 Kf7 50. Ke3 Ke6 51. Kd4 Kd7 52. b5 axb5 53.
axb5 Ke6 54. Nd1 d2 55. Nb2 Ng4 56. Kxe4 Nf2+ 57. Ke3 d1=Q 58. Nxd1 Nxd1+ 59.
Kd4 Nf2 60. c6 b6 61. Ke3 Nd1+ 62. Kd4 Kd6 63. Kc4 Ne3+ 0-1

[Event "AUT_chT"]
[Site "2005/2006"]
[Date "2006.01.14"]
[Round "6"]
[White "Kranz, Armin"]
[Black "Karner, Christoph"]
[Result "0-1"]
[WhiteElo "2182"]
[BlackElo "2338"]
[PlyCount "88"]
[EventDate "2005.10.??"]
[EventType "team"]
[EventRounds "11"]
[EventCountry "AUT"]
[WhiteTeam "Sparkasse Goetzis"]
[BlackTeam "Holz Dohr - Semriach"]
[WhiteTeamCountry "AUT"]
[BlackTeamCountry "AUT"]

1. d4 Nf6 2. c4 g6 3. Nf3 Bg7 4. Nc3 O-O 5. g3 d6 6. Bg2 Nbd7 7. O-O e5 8. h3
Re8 9. e4 exd4 10. Nxd4 Nc5 11. Re1 a5 12. Qc2 Nfd7 13. Be3 Ne5 14. b3 Ned3 15.
Red1 Nb4 16. Qe2 Bd7 17. Rac1 Qc8 18. Kh2 a4 19. a3 Nc6 20. b4 Nxd4 21. Bxd4
Bxd4 22. bxc5 dxc5 23. Rxd4 cxd4 24. Nd5 c5 25. Nf6+ Kg7 26. Nxe8+ Qxe8 27. f4
Rd8 28. g4 Bc6 29. Qd3 Qe7 30. Kg3 Re8 31. Re1 g5 32. fxg5 Qxg5 33. h4 Qe5+ 34.
Kh3 h5 35. Qg3 Bd7 36. Bf3 hxg4+ 37. Bxg4 f5 38. Bh5+ Qxg3+ 39. Kxg3 Rxe4 40.
Rxe4 fxe4 41. Kf4 e3 42. Be2 Kf6 43. h5 Bf5 44. Bf1 Bc2 0-1

[Event "AUT_chT"]
[Site "2005/2006"]
[Date "2006.01.14"]
[Round "6"]
[White "Wegerer, Fred"]
[Black "Wallis, Anton"]
[Result "1-0"]
[WhiteElo "2271"]
[BlackElo "2165"]
[PlyCount "51"]
[EventDate "2005.10.??"]
[EventType "team"]
[EventRounds "11"]
[EventCountry "AUT"]
[WhiteTeam "Holz Dohr - Semriach"]
[BlackTeam "Sparkasse Goetzis"]
[WhiteTeamCountry "AUT"]
[BlackTeamCountry "AUT"]

1. d4 d5 2. Nf3 Nf6 3. Nbd2 e6 4. e3 c5 5. a3 a5 6. dxc5 Bxc5 7. Bd3 Nc6 8. O-O
O-O 9. c4 b6 10. Qc2 Ba6 11. b3 e5 12. cxd5 Bxd3 13. Qxd3 Qxd5 14. Qxd5 Nxd5
15. Bb2 Rfd8 16. Ne4 Bf8 17. Rac1 Rac8 18. Rfd1 f6 19. g4 Kf7 20. Neg5+ Ke7 21.
Nxh7 Ke6 22. Nxf8+ Rxf8 23. Nd2 Rh8 24. Kg2 g5 25. Ne4 Rh7 26. Rxd5 1-0

[Event "AUT_chT"]
[Site "2005/2006"]
[Date "2006.01.14"]
[Round "6"]
[White "Zelcic, Robert"]
[Black "Ftacnik, Lubomir"]
[Result "1/2-1/2"]
[WhiteElo "2514"]
[BlackElo "2606"]
[PlyCount "70"]
[EventDate "2005.10.??"]
[EventType "team"]
[EventRounds "11"]
[EventCountry "AUT"]
[WhiteTeam "Sparkasse Schwarzach"]
[BlackTeam "Union Ansfelden"]
[WhiteTeamCountry "AUT"]
[BlackTeamCountry "AUT"]

1. e4 c5 2. Nf3 d6 3. d4 cxd4 4. Nxd4 Nf6 5. Nc3 e6 6. Be2 Be7 7. O-O O-O 8. f4
Nc6 9. Be3 Nxd4 10. Bxd4 Bd7 11. Qd3 Bc6 12. Kh1 b5 13. a3 Qb8 14. Qg3 Qb7 15.
Bf3 a5 16. Rfe1 g6 17. e5 dxe5 18. fxe5 Ne8 19. Bxc6 Qxc6 20. Qd3 Nc7 21. Ne4
Qc4 22. Qe3 Nd5 23. Qf2 Rac8 24. c3 b4 25. axb4 axb4 26. Ra7 bxc3 27. bxc3 Rc7
28. Rxc7 Qxc7 29. Rf1 Qc6 30. Qf3 Qa6 31. h3 Qc6 32. Nd2 Bc5 33. Ne4 Be7 34.
Kh2 Qc7 35. Kh1 Qc6 1/2-1/2

[Event "AUT_chT"]
[Site "2005/2006"]
[Date "2006.01.14"]
[Round "6"]
[White "Babula, Vlastimil"]
[Black "Lendwai, Reinhard"]
[Result "1/2-1/2"]
[WhiteElo "2585"]
[BlackElo "2427"]
[PlyCount "59"]
[EventDate "2005.10.??"]
[EventType "team"]
[EventRounds "11"]
[EventCountry "AUT"]
[WhiteTeam "Union Ansfelden"]
[BlackTeam "Sparkasse Schwarzach"]
[WhiteTeamCountry "AUT"]
[BlackTeamCountry "AUT"]

1. d4 Nf6 2. c4 e6 3. Nc3 Bb4 4. Qc2 O-O 5. a3 Bxc3+ 6. Qxc3 b6 7. Bg5 Ba6 8.
e3 d6 9. Ne2 Nbd7 10. Qc2 c5 11. dxc5 Nxc5 12. Nc3 Rc8 13. Rd1 Qe7 14. Bxf6
gxf6 15. Be2 f5 16. O-O Kh8 17. Rd4 Rg8 18. Rfd1 Bb7 19. g3 Rg6 20. b4 Ne4 21.
Nxe4 Bxe4 22. Qd2 Rcg8 23. Rxe4 fxe4 24. Qxd6 Qxd6 25. Rxd6 f5 26. Bh5 Rf6 27.
Rd7 Rg7 28. Rd8+ Rg8 29. Rd7 Rg7 30. Rd8+ 1/2-1/2

[Event "AUT_chT"]
[Site "2005/2006"]
[Date "2006.01.14"]
[Round "6"]
[White "Danner, Georg"]
[Black "Stanec, Nikolaus"]
[Result "1/2-1/2"]
[WhiteElo "2402"]
[BlackElo "2543"]
[PlyCount "25"]
[EventDate "2005.10.??"]
[EventType "team"]
[EventRounds "11"]
[EventCountry "AUT"]
[WhiteTeam "Sparkasse Schwarzach"]
[BlackTeam "Union Ansfelden"]
[WhiteTeamCountry "AUT"]
[BlackTeamCountry "AUT"]

1. d4 Nf6 2. c4 e6 3. Nf3 d5 4. e3 c5 5. cxd5 exd5 6. Bb5+ Bd7 7. Bxd7+ Nbxd7
8. O-O Be7 9. Nc3 O-O 10. b3 Re8 11. Bb2 Bf8 12. Rc1 a6 13. dxc5 1/2-1/2

[Event "AUT_chT"]
[Site "2005/2006"]
[Date "2006.01.14"]
[Round "6"]
[White "Weiss, Christian"]
[Black "Krstic, Uros"]
[Result "1-0"]
[WhiteElo "2437"]
[BlackElo "2334"]
[PlyCount "115"]
[EventDate "2005.10.??"]
[EventType "team"]
[EventRounds "11"]
[EventCountry "AUT"]
[WhiteTeam "Union Ansfelden"]
[BlackTeam "Sparkasse Schwarzach"]
[WhiteTeamCountry "AUT"]
[BlackTeamCountry "AUT"]

1. d4 Nf6 2. g3 d5 3. Nf3 Bf5 4. Bg2 Qc8 5. c4 dxc4 6. Qa4+ Nbd7 7. Nc3 c6 8.
Qxc4 Nb6 9. Qb3 Be6 10. Qd1 Bh3 11. O-O Bxg2 12. Kxg2 g6 13. e4 Bg7 14. a4 a5
15. Qb3 Ra6 16. Be3 Ng4 17. Bf4 O-O 18. h3 Nf6 19. Rac1 e6 20. Be3 Nbd7 21.
Rfd1 Qa8 22. Ne5 Rd8 23. f3 Qb8 24. Nc4 Bf8 25. Bf4 Qa7 26. Ne2 Bb4 27. Bg5 Re8
28. Ne5 Qb6 29. Qe3 Raa8 30. g4 Qc7 31. Qf4 Be7 32. Nxc6 Qxc6 33. Rxc6 bxc6 34.
Nc3 Rab8 35. Rd2 Rb7 36. Rc2 Kg7 37. h4 Ng8 38. Bxe7 Nxe7 39. Qd6 Nb6 40. b3
Kg8 41. Ne2 h6 42. Qf4 Nd7 43. Rc3 Kg7 44. Qd6 Kg8 45. Nc1 Nf8 46. Qf4 Rd8 47.
Rc4 Rbd7 48. Ne2 g5 49. hxg5 Neg6 50. Qe3 e5 51. gxh6 Ne6 52. Rxc6 Ngf4+ 53.
Nxf4 Nxf4+ 54. Kg3 Rxd4 55. Rf6 R8d6 56. Rxd6 Rxd6 57. Qc5 Re6 58. g5 1-0